| 000 | 02837nam0a2200361 4500 | ||
|---|---|---|---|
| 001 | RU\NLR\BIBL_A\011934106 | ||
| 005 | 20190226110605.0 | ||
| 010 |
_a978-5-00122-695-6 _9200 |
||
| 021 |
_aRU _bКН-П-18-102217 _9КН-П-18-7403 |
||
| 035 | _a(NLR Aleph) 011934106 | ||
| 035 | _a(RuMoRGB)009850707 | ||
| 090 |
_a11054692 _c11054692 |
||
| 100 | _a20190211d2018 k y0rusy50 ca | ||
| 101 | 0 | _arus | |
| 102 | _aRU | ||
| 105 | _aabh|zzzz100zy | ||
| 200 | 1 |
_aКомплексный инжиниринг в нефтегазодобыче: опыт, инновации, развитие _eIII Международная научно-практическая конференция, 22-24 августа 2018 _e[сборник докладов и материалов дискуссии, проходившей в рамках Конференции] _fГипровостокнефть _g[сост.: Е. В. Прончук] |
|
| 210 |
_aМосква _cПеро _d2018 |
||
| 215 |
_a568 с. _cил., табл., карт., факс. _d30 |
||
| 606 | 1 |
_aЕстественные газы _jСъезды, совещания и т.п _xДобыча _xИнновационные технологии _92600352 _3RU\NLR\AUTH\661536910 |
|
| 606 | 1 |
_aЕстественные газы _jСъезды, совещания и т.п _xДобыча _xИнформационные технологии _92404013 _3RU\NLR\AUTH\661432823 |
|
| 606 | 1 |
_aНефть _jСъезды, совещания и т.п _xДобыча _xИнновационные технологии _92598706 _3RU\NLR\AUTH\661535338 |
|
| 606 | 1 |
_aНефть _jСъезды, совещания и т.п _xДобыча _xИнформационные технологии _92332809 _3RU\NLR\AUTH\661394885 |
|
| 686 | 1 | _aИ36я431(0) | |
| 702 | 1 |
_aПрончук _bЕ. В. _4220 |
|
| 711 | 1 | 2 |
_a"Комплексный инжиниринг в нефтегазодобыче: опыт, инновации, развитие", международная научно-практическая конференция _d3 _eСамара _f2018 _9650795 _3RU\NLR\AUTH\880495388 |
| 711 | 1 | 2 |
_a"Современные подходы к управлению проектированием, информационным взаимодействием", панельная дискуссия _eСамара _f2018 _9650820 _3RU\NLR\AUTH\880495400 |
| 712 | 0 | 2 |
_4557 _a"Гипровостокнефть", институт _cСамара _9520510 _3RU\NLR\AUTH\8810011401 |
| 942 | _cBOOK | ||
| 980 | _aNBR | ||
| 980 | _aNB | ||